[Event "DEM U12w 2021"]
[Site "Willingen GER"]
[Date "2021.08.28"]
[Round "8"]
[White "Flierl, Veronika"]
[Black "Haug, Mara"]
[Result "1-0"]
[Termination "normal"]
[Board "6"]
[WhiteElo "1372"]
[BlackElo "1366"]
[WhiteClock "00:21:00"]
[BlackClock "00:29:47"]
[PlyCount "118"]
[WhiteFideId "34603697"]
[BlackFideId "16259300"]
[EventCountry "GER"]
[EventRounds "9"]
[EventType "swiss"]
[EventDate "2021.08.22"]

1. e4 {[%clk 1:30:57]} e5 {[%clk 1:30:58]} 2. Nf3 {[%clk 1:31:18]} Nc6 {[%clk
1:31:21]} 3. Bc4 {[%clk 1:31:43]} Bc5 {[%clk 1:31:45]} 4. c3 {[%clk 1:32:05]}
Nf6 {[%clk 1:32:10]} 5. d3 {[%clk 1:31:58]} h6 {[%clk 1:30:11]} 6. O-O {[%clk
1:22:47]} O-O {[%clk 1:29:10]} 7. Be3 {[%clk 1:14:12]} Bb6 {[%clk 1:28:37]} 8.
h3 {[%clk 1:11:48]} d6 {[%clk 1:26:36]} 9. Bb3 {[%clk 1:08:36]} Be6 {[%clk
1:25:19]} 10. Nbd2 {[%clk 1:04:03]} d5 {[%clk 1:19:43]} 11. Bxb6 {[%clk
0:59:07]} axb6 {[%clk 1:17:09]} 12. Qe2 {[%clk 0:51:59]} Qd6 {[%clk 1:09:21]}
13. exd5 {[%clk 0:48:46]} Bxd5 {[%clk 1:04:49]} 14. Bxd5 {[%clk 0:44:44]} Nxd5
{[%clk 0:59:57]} 15. Nc4 {[%clk 0:42:24]} Nf4 {[%clk 0:50:58]} 16. Qc2 {[%clk
0:37:54]} Qxd3 {[%clk 0:44:54]} 17. Qxd3 {[%clk 0:36:55]} Nxd3 {[%clk 0:44:36]}
18. Rfd1 {[%clk 0:35:38]} e4 {[%clk 0:39:36]} 19. Nfd2 {[%clk 0:33:34]} f5
{[%clk 0:37:07]} 20. f3 {[%clk 0:29:46]} exf3 {[%clk 0:32:24]} 21. Nxf3 {[%clk
0:29:52]} Rad8 {[%clk 0:31:19]} 22. Rd2 {[%clk 0:25:59]} Nc5 {[%clk 0:25:43]}
23. Rxd8 {[%clk 0:23:17]} Rxd8 {[%clk 0:25:52]} 24. Ne3 {[%clk 0:22:56]} g6
{[%clk 0:22:09]} 25. Nh4 {[%clk 0:21:01]} Kf7 {[%clk 0:21:44]} 26. Rf1 {[%clk
0:19:14]} Rd3 {[%clk 0:18:13]} 27. Re1 {[%clk 0:15:21]} Kf6 {[%clk 0:16:36]}
28. Nf3 {[%clk 0:14:44]} Nd7 {[%clk 0:14:41]} 29. c4 {[%clk 0:14:00]} Ne7
{[%clk 0:13:39]} 30. b3 {[%clk 0:13:45]} c6 {[%clk 0:12:29]} 31. Nc2 {[%clk
0:13:18]} c5 {[%clk 0:09:14]} 32. Ne3 {[%clk 0:13:18]} h5 {[%clk 0:07:58]} 33.
h4 {[%clk 0:12:28]} f4 {[%clk 0:07:29]} 34. Nd1 {[%clk 0:11:33]} Nf5 {[%clk
0:06:52]} 35. Nf2 {[%clk 0:10:45]} Re3 {[%clk 0:06:16]} 36. Rd1 {[%clk
0:10:18]} Ke6 {[%clk 0:04:50]} 37. Nh3 {[%clk 0:09:35]} Nb8 {[%clk 0:01:21]}
38. Nxf4+ {[%clk 0:09:09]} Kf7 {[%clk 0:01:22]} 39. Ng5+ {[%clk 0:08:37]} Kg7
{[%clk 0:01:08]} 40. Nfe6+ {[%clk 0:07:53]} Kh6 {[%clk 0:00:47]} 41. Rd8 {[%clk
0:07:37]} Rxe6 {[%clk 0:26:53]} 42. Nxe6 {[%clk 0:37:39]} g5 {[%clk 0:27:12]}
43. hxg5+ {[%clk 0:36:38]} Kg6 {[%clk 0:27:21]} 44. Rxb8 {[%clk 0:36:51]} Nd6
{[%clk 0:27:38]} 45. Rh8 {[%clk 0:32:08]} Kf5 {[%clk 0:27:13]} 46. Ng7+ {[%clk
0:30:52]} Kxg5 {[%clk 0:27:32]} 47. Rxh5+ {[%clk 0:30:25]} Kg6 {[%clk 0:27:37]}
48. Rd5 {[%clk 0:30:40]} Ne4 {[%clk 0:27:34]} 49. Ne6 {[%clk 0:29:49]} Nc3
{[%clk 0:27:43]} 50. Rd7 {[%clk 0:28:01]} Kf6 {[%clk 0:28:02]} 51. Nf4 {[%clk
0:27:49]} Ke5 {[%clk 0:27:59]} 52. g3 {[%clk 0:26:38]} Nxa2 {[%clk 0:28:09]}
53. Rxb7 {[%clk 0:25:26]} Nc3 {[%clk 0:28:24]} 54. Rxb6 {[%clk 0:25:06]} Ne4
{[%clk 0:28:34]} 55. Re6+ {[%clk 0:22:16]} Kf5 {[%clk 0:28:35]} 56. Rxe4 {[%clk
0:21:59]} Kxe4 {[%clk 0:28:57]} 57. Ne6 {[%clk 0:21:58]} Kf3 {[%clk 0:29:05]}
58. Kh2 {[%clk 0:20:46]} Kg4 {[%clk 0:29:27]} 59. Nxc5 {[%clk 0:21:00]} Kf5
{[%clk 0:29:47]} 1-0

[Event "DEM U12w 2021"]
[Site "Willingen GER"]
[Date "2021.08.28"]
[Round "8"]
[White "Richter, Johanna"]
[Black "Bauer, Laura Sophie"]
[Result "0-1"]
[Termination "normal"]
[Board "7"]
[WhiteElo "1155"]
[BlackElo "1309"]
[WhiteClock "00:01:38"]
[BlackClock "00:18:50"]
[PlyCount "42"]
[WhiteFideId "16278925"]
[BlackFideId "16253647"]
[EventCountry "GER"]
[EventRounds "9"]
[EventType "swiss"]
[EventDate "2021.08.22"]

1. d4 {[%clk 1:30:57]} d5 {[%clk 1:30:54]} 2. c4 {[%clk 1:31:19]} c6 {[%clk
1:31:20]} 3. Nc3 {[%clk 1:31:34]} Nf6 {[%clk 1:31:43]} 4. cxd5 {[%clk 1:31:53]}
cxd5 {[%clk 1:32:06]} 5. Bg5 {[%clk 1:32:09]} h6 {[%clk 1:31:09]} 6. Bh4 {[%clk
1:32:14]} Nc6 {[%clk 1:29:44]} 7. e3 {[%clk 1:30:05]} Bf5 {[%clk 1:25:14]} 8.
a3 {[%clk 1:20:34]} a6 {[%clk 1:19:26]} 9. Bxf6 {[%clk 1:20:13]} exf6 {[%clk
1:19:37]} 10. Qb3 {[%clk 1:17:32]} Na5 {[%clk 1:19:41]} 11. Qd1 {[%clk
1:04:16]} Be7 {[%clk 1:11:09]} 12. g3 {[%clk 0:52:40]} Be6 {[%clk 1:09:09]} 13.
Bg2 {[%clk 0:47:19]} Qd7 {[%clk 1:00:28]} 14. Nge2 {[%clk 0:42:58]} g5 {[%clk
0:54:45]} 15. Rc1 {[%clk 0:35:46]} Nc4 {[%clk 0:54:17]} 16. Qb3 {[%clk
0:24:46]} b5 {[%clk 0:48:02]} 17. Qc2 {[%clk 0:15:52]} Rb8 {[%clk 0:34:24]} 18.
O-O {[%clk 0:10:44]} h5 {[%clk 0:19:01]} 19. Rcd1 {[%clk 0:04:54]} h4 {[%clk
0:18:50]} 20. Nc1 {[%clk 0:01:37]} hxg3 {[%clk 0:18:50]} 21. fxg3 {[%clk
0:01:38]} Nxe3 0-1

[Event "DEM U12w 2021"]
[Site "Willingen GER"]
[Date "2021.08.28"]
[Round "8"]
[White "Hergenröder, Cora"]
[Black "Hoffmann, Svenja"]
[Result "1-0"]
[Termination "normal"]
[Board "8"]
[WhiteElo "1463"]
[BlackElo "1307"]
[WhiteClock "00:11:01"]
[BlackClock "00:59:55"]
[PlyCount "107"]
[WhiteFideId "34603700"]
[BlackFideId "16287312"]
[EventCountry "GER"]
[EventRounds "9"]
[EventType "swiss"]
[EventDate "2021.08.22"]

1. d4 {[%clk 1:30:57]} d5 {[%clk 1:30:41]} 2. Nf3 {[%clk 1:31:24]} Nc6 {[%clk
1:30:08]} 3. e3 {[%clk 1:31:34]} Nf6 {[%clk 1:29:20]} 4. c4 {[%clk 1:31:16]} e6
{[%clk 1:29:06]} 5. Bd3 {[%clk 1:31:02]} Be7 {[%clk 1:29:01]} 6. Bd2 {[%clk
1:30:01]} b6 {[%clk 1:28:15]} 7. O-O {[%clk 1:28:07]} O-O {[%clk 1:28:12]} 8.
a3 {[%clk 1:25:56]} a5 {[%clk 1:27:46]} 9. Qe2 {[%clk 1:19:23]} Ne4 {[%clk
1:20:15]} 10. Ne5 {[%clk 1:14:40]} Nxe5 {[%clk 1:19:48]} 11. dxe5 {[%clk
1:14:58]} f6 {[%clk 1:17:13]} 12. f4 {[%clk 0:59:09]} f5 {[%clk 1:15:27]} 13.
Rf3 {[%clk 0:55:38]} Rf7 {[%clk 1:11:58]} 14. Rh3 {[%clk 0:47:52]} g5 {[%clk
1:11:42]} 15. Rf3 {[%clk 0:36:04]} g4 {[%clk 1:09:53]} 16. Rf1 {[%clk 0:35:52]}
h5 {[%clk 1:09:45]} 17. cxd5 {[%clk 0:24:58]} exd5 {[%clk 1:09:36]} 18. Bxe4
{[%clk 0:24:53]} dxe4 {[%clk 1:09:45]} 19. Rd1 {[%clk 0:21:19]} Ba6 {[%clk
1:08:36]} 20. Qe1 {[%clk 0:21:35]} Qf8 {[%clk 1:07:04]} 21. Nc3 {[%clk
0:19:50]} Qg7 {[%clk 1:04:44]} 22. Nd5 {[%clk 0:18:18]} Bd8 {[%clk 1:04:37]}
23. Bc3 {[%clk 0:16:00]} Qg6 {[%clk 1:03:12]} 24. Bd2 {[%clk 0:14:00]} h4
{[%clk 1:03:20]} 25. Rac1 {[%clk 0:12:59]} Rc8 {[%clk 1:02:28]} 26. Rc2 {[%clk
0:12:16]} Bb7 {[%clk 1:00:30]} 27. Nc3 {[%clk 0:12:02]} c5 {[%clk 0:59:35]} 28.
Nb5 {[%clk 0:11:50]} Rh7 {[%clk 0:57:59]} 29. Nd6 {[%clk 0:10:35]} Rcc7 {[%clk
0:58:11]} 30. Nxb7 {[%clk 0:11:01]} Rxb7 {[%clk 0:58:31]} 31. Bxa5 {[%clk
0:09:15]} bxa5 {[%clk 0:56:50]} 32. Rxd8+ {[%clk 0:09:14]} Kg7 {[%clk 0:57:13]}
33. Qxa5 {[%clk 0:08:52]} Qb6 {[%clk 0:56:59]} 34. Qxb6 {[%clk 0:08:55]} Rxb6
{[%clk 0:57:22]} 35. Rd7+ {[%clk 0:09:20]} Kh6 {[%clk 0:57:43]} 36. Rd6+ {[%clk
0:08:59]} Rxd6 {[%clk 0:57:38]} 37. exd6 {[%clk 0:09:25]} Rd7 {[%clk 0:57:56]}
38. Rd2 {[%clk 0:09:08]} Kg6 {[%clk 0:58:09]} 39. a4 {[%clk 0:09:03]} Kf6
{[%clk 0:58:30]} 40. a5 {[%clk 0:08:59]} Ke6 {[%clk 0:58:55]} 41. a6 {[%clk
0:09:08]} c4 {[%clk 0:58:41]} 42. Rd1 {[%clk 0:08:27]} Ra7 {[%clk 0:58:30]} 43.
d7 {[%clk 0:08:31]} Rxd7 {[%clk 0:58:01]} 44. Rxd7 {[%clk 0:08:54]} Kxd7 {[%clk
0:58:27]} 45. a7 {[%clk 0:09:19]} c3 {[%clk 0:57:48]} 46. bxc3 {[%clk 0:09:29]}
g3 {[%clk 0:58:05]} 47. h3 {[%clk 0:09:56]} Kd6 {[%clk 0:57:59]} 48. a8=Q
{[%clk 0:10:07]} Ke7 {[%clk 0:58:14]} 49. Qc6 {[%clk 0:10:25]} Kf7 {[%clk
0:58:29]} 50. Qd6 {[%clk 0:10:21]} Kg7 {[%clk 0:58:52]} 51. Qe6 {[%clk
0:10:29]} Kh7 {[%clk 0:59:16]} 52. Qf6 {[%clk 0:10:43]} Kg8 {[%clk 0:59:39]}
53. Qe7 {[%clk 0:11:01]} Kh8 {[%clk 0:59:55]} 54. c4 1-0

[Event "DEM U12w 2021"]
[Site "Willingen GER"]
[Date "2021.08.28"]
[Round "8"]
[White "Schülke, Rosalie"]
[Black "Woiteck, Sophia"]
[Result "1-0"]
[Termination "normal"]
[Board "9"]
[WhiteElo "1423"]
[BlackElo "1293"]
[WhiteClock "00:28:08"]
[BlackClock "00:16:49"]
[PlyCount "89"]
[WhiteFideId "16287436"]
[BlackFideId "34608753"]
[EventCountry "GER"]
[EventRounds "9"]
[EventType "swiss"]
[EventDate "2021.08.22"]

1. e4 {[%clk 1:30:58]} c5 {[%clk 1:30:41]} 2. Nf3 {[%clk 1:31:18]} d6 {[%clk
1:30:27]} 3. d4 {[%clk 1:30:42]} cxd4 {[%clk 1:30:30]} 4. Qxd4 {[%clk 1:31:00]}
Nc6 {[%clk 1:29:50]} 5. Bb5 {[%clk 1:29:58]} Bd7 {[%clk 1:27:42]} 6. Bxc6
{[%clk 1:29:33]} Bxc6 {[%clk 1:27:35]} 7. Nc3 {[%clk 1:29:16]} Nf6 {[%clk
1:24:56]} 8. Bg5 {[%clk 1:29:10]} e6 {[%clk 1:21:21]} 9. O-O-O {[%clk 1:27:29]}
Be7 {[%clk 1:12:39]} 10. Qd3 {[%clk 1:25:44]} Qb6 {[%clk 1:05:35]} 11. Bxf6
{[%clk 1:09:55]} gxf6 {[%clk 1:05:36]} 12. Nd4 {[%clk 1:09:27]} O-O-O {[%clk
0:56:59]} 13. f4 {[%clk 1:06:14]} e5 {[%clk 0:48:16]} 14. Nf5 {[%clk 1:05:26]}
Qc7 {[%clk 0:47:01]} 15. Nd5 {[%clk 0:58:09]} Bxd5 {[%clk 0:45:06]} 16. Qxd5
{[%clk 0:58:11]} exf4 {[%clk 0:43:06]} 17. Qxf7 {[%clk 0:56:28]} Rde8 {[%clk
0:35:42]} 18. Rhe1 {[%clk 0:35:14]} Rhg8 {[%clk 0:27:45]} 19. Qxh7 {[%clk
0:32:12]} Rxg2 {[%clk 0:27:42]} 20. Nxe7+ {[%clk 0:31:35]} Rxe7 {[%clk
0:27:23]} 21. Qh3+ {[%clk 0:31:49]} f5 {[%clk 0:25:41]} 22. Qxg2 {[%clk
0:32:00]} fxe4 {[%clk 0:25:41]} 23. Qg8+ {[%clk 0:31:12]} Qd8 {[%clk 0:22:32]}
24. Qc4+ {[%clk 0:30:02]} Rc7 {[%clk 0:21:55]} 25. Qxe4 {[%clk 0:30:06]} Qg8
{[%clk 0:19:54]} 26. Qe8+ {[%clk 0:30:45]} Qxe8 {[%clk 0:19:51]} 27. Rxe8+
{[%clk 0:31:06]} Kd7 {[%clk 0:19:53]} 28. Rf8 {[%clk 0:31:28]} Ke6 {[%clk
0:19:55]} 29. Rxf4 {[%clk 0:31:49]} Ke5 {[%clk 0:19:56]} 30. Rf8 {[%clk
0:31:11]} Rh7 {[%clk 0:19:52]} 31. Rh1 {[%clk 0:31:21]} d5 {[%clk 0:19:46]} 32.
h4 {[%clk 0:31:35]} d4 {[%clk 0:19:56]} 33. h5 {[%clk 0:31:44]} Ke4 {[%clk
0:19:59]} 34. h6 {[%clk 0:31:28]} d3 {[%clk 0:20:06]} 35. cxd3+ {[%clk
0:30:48]} Kxd3 {[%clk 0:20:09]} 36. Rh3+ {[%clk 0:31:04]} Ke2 {[%clk 0:20:22]}
37. Rg8 {[%clk 0:29:47]} Rc7+ {[%clk 0:20:10]} 38. Kb1 {[%clk 0:28:32]} Kd1
{[%clk 0:17:30]} 39. Rg1+ {[%clk 0:27:44]} Ke2 {[%clk 0:17:13]} 40. h7 {[%clk
0:27:29]} Kf2 {[%clk 0:16:45]} 41. Rc1 {[%clk 0:27:15]} Rxh7 {[%clk 0:16:18]}
42. Rxh7 {[%clk 0:27:38]} Ke2 {[%clk 0:16:27]} 43. Rh3 {[%clk 0:27:54]} Kf2
{[%clk 0:16:29]} 44. Rc2+ {[%clk 0:28:08]} Kg1 {[%clk 0:16:49]} 45. Rd3 {[%clk
0:28:08]} 1-0

[Event "DEM U12w 2021"]
[Site "Willingen GER"]
[Date "2021.08.28"]
[Round "8"]
[White "Schube, Theresa"]
[Black "Pröttel, Ela"]
[Result "0-1"]
[Termination "normal"]
[Board "10"]
[WhiteElo "1262"]
[BlackElo "1182"]
[WhiteClock "00:41:39"]
[BlackClock "00:02:48"]
[PlyCount "58"]
[WhiteFideId "34608800"]
[BlackFideId "44582749"]
[EventCountry "GER"]
[EventRounds "9"]
[EventType "swiss"]
[EventDate "2021.08.22"]

1. e4 {[%clk 1:30:53]} d5 {[%clk 1:30:56]} 2. exd5 {[%clk 1:30:47]} Qxd5 {[%clk
1:31:22]} 3. Nc3 {[%clk 1:30:44]} Qa5 {[%clk 1:31:44]} 4. Nf3 {[%clk 1:29:51]}
Nf6 {[%clk 1:31:58]} 5. h3 {[%clk 1:29:13]} c6 {[%clk 1:28:35]} 6. Bc4 {[%clk
1:27:08]} Bf5 {[%clk 1:20:00]} 7. d3 {[%clk 1:24:49]} e6 {[%clk 1:18:26]} 8.
Bd2 {[%clk 1:22:03]} Qc7 {[%clk 1:15:42]} 9. O-O {[%clk 1:18:19]} Bd6 {[%clk
1:11:01]} 10. Re1 {[%clk 1:13:10]} O-O {[%clk 1:07:39]} 11. Bg5 {[%clk
1:05:06]} Nbd7 {[%clk 1:03:40]} 12. Ne4 {[%clk 1:04:48]} Bxe4 {[%clk 1:00:39]}
13. dxe4 {[%clk 1:04:58]} Bc5 {[%clk 0:59:00]} 14. e5 {[%clk 0:57:12]} Nd5
{[%clk 0:50:32]} 15. Nh2 {[%clk 0:54:05]} Nxe5 {[%clk 0:38:31]} 16. Bxd5 {[%clk
0:52:03]} cxd5 {[%clk 0:38:17]} 17. Bf4 {[%clk 0:51:58]} Bd6 {[%clk 0:38:26]}
18. Qh5 {[%clk 0:50:00]} Ng6 {[%clk 0:31:57]} 19. Bxd6 {[%clk 0:47:56]} Qxd6
{[%clk 0:32:08]} 20. Ng4 {[%clk 0:46:51]} Rac8 {[%clk 0:29:17]} 21. c3 {[%clk
0:45:56]} Qb6 {[%clk 0:28:02]} 22. Rab1 {[%clk 0:45:29]} Rc5 {[%clk 0:12:19]}
23. Re3 {[%clk 0:43:20]} d4 {[%clk 0:06:16]} 24. Nf6+ {[%clk 0:42:04]} gxf6
{[%clk 0:06:05]} 25. Qh6 {[%clk 0:41:42]} dxe3 {[%clk 0:05:42]} 26. fxe3 {[%clk
0:42:05]} Qb5 {[%clk 0:04:56]} 27. c4 {[%clk 0:41:25]} Rxc4 {[%clk 0:02:41]}
28. h4 {[%clk 0:41:35]} Rxh4 {[%clk 0:02:23]} 29. Qxh4 {[%clk 0:41:39]} Nxh4
{[%clk 0:02:48]} 0-1

[Event "DEM U12w 2021"]
[Site "Willingen GER"]
[Date "2021.08.28"]
[Round "8"]
[White "Kutz, Ida Klara"]
[Black "Moldovan, Stela"]
[Result "0-1"]
[Termination "normal"]
[Board "11"]
[WhiteElo "1258"]
[BlackElo "1251"]
[WhiteClock "00:56:04"]
[BlackClock "00:42:28"]
[PlyCount "58"]
[WhiteFideId "16296257"]
[BlackFideId "16287380"]
[EventCountry "GER"]
[EventRounds "9"]
[EventType "swiss"]
[EventDate "2021.08.22"]

1. c4 {[%clk 1:30:56]} c5 {[%clk 1:29:48]} 2. Nc3 {[%clk 1:31:07]} g6 {[%clk
1:30:10]} 3. Nf3 {[%clk 1:31:18]} Bg7 {[%clk 1:30:25]} 4. g3 {[%clk 1:31:32]}
Nc6 {[%clk 1:30:44]} 5. Bg2 {[%clk 1:31:51]} e5 {[%clk 1:31:04]} 6. O-O {[%clk
1:32:05]} d6 {[%clk 1:31:26]} 7. Rb1 {[%clk 1:31:55]} Nge7 {[%clk 1:31:33]} 8.
b3 {[%clk 1:31:29]} O-O {[%clk 1:31:28]} 9. Bb2 {[%clk 1:31:38]} f5 {[%clk
1:31:29]} 10. e3 {[%clk 1:31:39]} Be6 {[%clk 1:27:53]} 11. Ng5 {[%clk 1:31:10]}
Bd7 {[%clk 1:25:15]} 12. Nd5 {[%clk 1:31:13]} h6 {[%clk 1:21:21]} 13. Nxe7+
{[%clk 1:23:43]} Qxe7 {[%clk 1:21:06]} 14. Nf3 {[%clk 1:23:46]} g5 {[%clk
1:11:53]} 15. d3 {[%clk 1:19:57]} Be6 {[%clk 1:03:46]} 16. d4 {[%clk 1:18:14]}
Bd7 {[%clk 0:47:55]} 17. dxe5 {[%clk 1:14:32]} dxe5 {[%clk 0:45:53]} 18. Qd2
{[%clk 1:12:20]} f4 {[%clk 0:44:53]} 19. Rfd1 {[%clk 1:09:51]} Rad8 {[%clk
0:44:36]} 20. Qd6 {[%clk 1:08:50]} Qxd6 {[%clk 0:43:35]} 21. Rxd6 {[%clk
1:07:19]} e4 {[%clk 0:42:31]} 22. Rg6 {[%clk 1:05:47]} Rf7 {[%clk 0:42:31]} 23.
Bxg7 {[%clk 1:05:04]} Rxg7 {[%clk 0:42:35]} 24. Rxg7+ {[%clk 1:05:17]} Kxg7
{[%clk 0:42:55]} 25. Nd2 {[%clk 1:04:53]} f3 {[%clk 0:43:14]} 26. Bf1 {[%clk
1:04:46]} Bf5 {[%clk 0:43:21]} 27. Rb2 {[%clk 1:04:08]} Nb4 {[%clk 0:43:04]}
28. Nb1 {[%clk 0:57:57]} Rd1 {[%clk 0:43:02]} 29. Nd2 {[%clk 0:56:04]} Ra1
{[%clk 0:42:28]} 0-1

[Event "DEM U12w 2021"]
[Site "Willingen GER"]
[Date "2021.08.28"]
[Round "8"]
[White "Halas, Neele Zoe"]
[Black "Strübel, Katharina"]
[Result "1/2-1/2"]
[Termination "normal"]
[Board "12"]
[WhiteElo "1494"]
[BlackElo "1154"]
[WhiteClock "00:20:16"]
[BlackClock "00:30:30"]
[PlyCount "103"]
[WhiteFideId "16287282"]
[BlackFideId "16284879"]
[EventCountry "GER"]
[EventRounds "9"]
[EventType "swiss"]
[EventDate "2021.08.22"]

1. d4 {[%clk 1:30:56]} d5 {[%clk 1:30:39]} 2. Nf3 {[%clk 1:31:22]} Nf6 {[%clk
1:30:31]} 3. e3 {[%clk 1:31:39]} c5 {[%clk 1:30:00]} 4. c4 {[%clk 1:30:15]} Bg4
{[%clk 1:28:26]} 5. Nc3 {[%clk 1:19:59]} Nc6 {[%clk 1:22:35]} 6. Qb3 {[%clk
1:03:18]} cxd4 {[%clk 1:06:42]} 7. Nxd5 {[%clk 0:50:01]} Na5 {[%clk 0:44:45]}
8. Nxf6+ {[%clk 0:49:20]} exf6 {[%clk 0:43:42]} 9. Qb5+ {[%clk 0:38:40]} Bd7
{[%clk 0:38:34]} 10. Qd5 {[%clk 0:30:55]} Bb4+ {[%clk 0:27:50]} 11. Bd2 {[%clk
0:30:35]} Bxd2+ {[%clk 0:20:21]} 12. Kxd2 {[%clk 0:21:51]} dxe3+ {[%clk
0:18:37]} 13. Kxe3 {[%clk 0:20:36]} O-O {[%clk 0:17:20]} 14. Rd1 {[%clk
0:15:43]} Re8+ {[%clk 0:15:14]} 15. Kf4 {[%clk 0:14:20]} g5+ {[%clk 0:12:39]}
16. Kg3 {[%clk 0:13:10]} Qc7+ {[%clk 0:11:41]} 17. Qd6 {[%clk 0:13:00]} Qxd6+
{[%clk 0:11:35]} 18. Rxd6 {[%clk 0:13:17]} Be6 {[%clk 0:11:14]} 19. b3 {[%clk
0:11:23]} h5 {[%clk 0:10:39]} 20. h4 {[%clk 0:10:42]} g4 {[%clk 0:10:37]} 21.
Nd4 {[%clk 0:10:21]} Rad8 {[%clk 0:10:39]} 22. Nb5 {[%clk 0:09:40]} Rxd6 {[%clk
0:10:33]} 23. Nxd6 {[%clk 0:10:03]} Rd8 {[%clk 0:10:54]} 24. Ne4 {[%clk
0:09:36]} Kg7 {[%clk 0:10:40]} 25. Be2 {[%clk 0:09:14]} Bf5 {[%clk 0:10:10]}
26. f3 {[%clk 0:08:28]} Bxe4 {[%clk 0:10:08]} 27. fxe4 {[%clk 0:08:35]} Rd2
{[%clk 0:10:24]} 28. Kf2 {[%clk 0:07:03]} Rxa2 {[%clk 0:09:47]} 29. Rb1 {[%clk
0:06:45]} g3+ {[%clk 0:09:29]} 30. Kf3 {[%clk 0:06:48]} Ra3 {[%clk 0:08:40]}
31. Kxg3 {[%clk 0:04:47]} Rxb3+ {[%clk 0:08:18]} 32. Rxb3 {[%clk 0:05:09]} Nxb3
{[%clk 0:08:40]} 33. Kf4 {[%clk 0:03:54]} a5 {[%clk 0:08:35]} 34. Bd1 {[%clk
0:03:05]} a4 {[%clk 0:08:44]} 35. Bc2 {[%clk 0:01:49]} Nc5 {[%clk 0:08:23]} 36.
Bb1 {[%clk 0:01:42]} a3 {[%clk 0:08:34]} 37. Ke3 {[%clk 0:01:08]} Na4 {[%clk
0:07:59]} 38. Kd3 {[%clk 0:01:17]} Nb2+ {[%clk 0:07:22]} 39. Kc3 {[%clk
0:01:24]} b6 {[%clk 0:07:13]} 40. Kb3 {[%clk 0:01:16]} Kf8 {[%clk 0:07:03]} 41.
Ba2 {[%clk 0:01:14]} Nd1 {[%clk 0:29:22]} 42. Kxa3 {[%clk 0:30:58]} Ne3 {[%clk
0:28:17]} 43. Kb4 {[%clk 0:29:46]} Nxg2 {[%clk 0:28:28]} 44. Kb5 {[%clk
0:29:53]} Nxh4 {[%clk 0:28:33]} 45. Kxb6 {[%clk 0:22:18]} Nf3 {[%clk 0:28:43]}
46. c5 {[%clk 0:22:07]} Ne5 {[%clk 0:29:02]} 47. c6 {[%clk 0:20:43]} Nxc6
{[%clk 0:29:22]} 48. Kxc6 {[%clk 0:21:07]} h4 {[%clk 0:29:35]} 49. Bc4 {[%clk
0:21:16]} h3 {[%clk 0:29:54]} 50. Bf1 {[%clk 0:21:34]} h2 {[%clk 0:30:17]} 51.
Bg2 {[%clk 0:21:15]} Ke7 {[%clk 0:30:30]} 52. Kd5 {[%clk 0:20:16]} 1/2-1/2

[Event "DEM U12w 2021"]
[Site "Willingen GER"]
[Date "2021.08.28"]
[Round "8"]
[White "Bangiev, Katharina"]
[Black "Milman, Sophie"]
[Result "1-0"]
[Termination "normal"]
[Board "13"]
[WhiteElo "1477"]
[BlackElo "1024"]
[WhiteClock "00:03:07"]
[BlackClock "00:02:13"]
[PlyCount "77"]
[WhiteFideId "16267230"]
[BlackFideId "34608885"]
[EventCountry "GER"]
[EventRounds "9"]
[EventType "swiss"]
[EventDate "2021.08.22"]

1. e4 {[%clk 1:30:59]} e5 {[%clk 1:30:55]} 2. Bc4 {[%clk 1:31:23]} Nf6 {[%clk
1:30:47]} 3. d4 {[%clk 1:31:16]} exd4 {[%clk 1:29:28]} 4. Qxd4 {[%clk 1:31:39]}
Nc6 {[%clk 1:27:27]} 5. Qe3 {[%clk 1:30:15]} Be7 {[%clk 1:25:47]} 6. Nc3 {[%clk
1:29:14]} d6 {[%clk 1:23:55]} 7. f3 {[%clk 1:27:07]} O-O {[%clk 1:22:08]} 8.
Bd2 {[%clk 1:25:48]} Be6 {[%clk 1:18:47]} 9. Bb3 {[%clk 1:22:44]} d5 {[%clk
1:15:36]} 10. exd5 {[%clk 1:15:56]} Nxd5 {[%clk 1:14:26]} 11. Nxd5 {[%clk
1:15:41]} Bxd5 {[%clk 1:13:31]} 12. O-O-O {[%clk 1:15:32]} Bxb3 {[%clk
1:11:21]} 13. axb3 {[%clk 1:14:38]} Qd6 {[%clk 1:04:57]} 14. Ba5 {[%clk
0:59:36]} Qf6 {[%clk 0:55:38]} 15. Bxc7 {[%clk 0:58:52]} Rac8 {[%clk 0:52:29]}
16. Bg3 {[%clk 0:57:11]} Nb4 {[%clk 0:50:20]} 17. c3 Qa6 {[%clk 0:40:01]} 18.
Qe4 {[%clk 0:35:59]} Rfe8 {[%clk 0:32:00]} 19. Qb1 {[%clk 0:21:17]} Qh6+ {[%clk
0:28:30]} 20. f4 {[%clk 0:18:59]} Nc6 21. Ne2 {[%clk 0:14:32]} Rcd8 {[%clk
0:23:39]} 22. Qe4 {[%clk 0:09:24]} Rxd1+ {[%clk 0:20:19]} 23. Rxd1 {[%clk
0:08:23]} Qf6 {[%clk 0:17:54]} 24. Rd7 {[%clk 0:06:55]} Nd8 {[%clk 0:08:09]}
25. Nd4 {[%clk 0:06:17]} g6 {[%clk 0:06:34]} 26. f5 {[%clk 0:04:36]} Kf8 {[%clk
0:04:41]} 27. Qd5 {[%clk 0:03:19]} a6 {[%clk 0:03:09]} 28. Bc7 {[%clk 0:02:42]}
Qg5+ {[%clk 0:01:58]} 29. Kc2 {[%clk 0:02:16]} Qf6 {[%clk 0:02:18]} 30. g4
{[%clk 0:01:47]} Kg7 {[%clk 0:01:44]} 31. Be5 {[%clk 0:01:10]} Qxe5 {[%clk
0:01:03]} 32. Qxe5+ {[%clk 0:01:35]} Kg8 {[%clk 0:01:19]} 33. Rxe7 {[%clk
0:01:54]} Rxe7 {[%clk 0:01:38]} 34. Qxe7 {[%clk 0:02:21]} Nc6 {[%clk 0:01:47]}
35. Nxc6 {[%clk 0:02:36]} bxc6 {[%clk 0:02:10]} 36. f6 {[%clk 0:02:56]} h5
{[%clk 0:02:08]} 37. g5 {[%clk 0:02:24]} Kh7 {[%clk 0:02:01]} 38. Qf8 {[%clk
0:02:44]} h4 {[%clk 0:02:13]} 39. Qg7# {[%clk 0:03:07]} 1-0